« Retourner aux résultats de recherche
chorale de l'aube (La)
| Auteur principal: | Suzanne Barton |
|---|---|
| D'autres auteurs: | Christine Mignot |
| Support: | Livres |
| Langue: | Francais |
| Publié: |
DL 2014 Circonflexe Paris |
| Genre: |
Album |
| Collection: |
Albums Circonflexe |
| Sujets: | |
| Étiquettes: |
Ajouter
Pas de Tags !
|
| LEADER | 00744nam0a2200205 450 | ||
|---|---|---|---|
| 001 | 16821838 | ||
| 010 | |a 978-2-87833-710-5 |b rel. |d 13 | ||
| 100 | |a 20140616d2026 u u0frey01 ba | ||
| 101 | 1 | |a fre |c eng | |
| 102 | |a FR | ||
| 200 | 0 | |a chorale de l'aube (La) |f Suzanne Barton |g [traduit de l'anglais par Christine Mignot] | |
| 207 | 1 | |a | |
| 210 | |a Paris |b 26, rue des Ecoles. |c Circonflexe |d DL 2014 | ||
| 215 | |a 1 vol. (non paginé [24] p.) |c ill. en coul., couv. ill. en coul. |d 28 cm | ||
| 225 | 1 | |a Albums Circonflexe | |
| 700 | 0 | |a Barton |b Suzanne |4 70 | |
| 702 | 0 | |a Mignot |b Christine |f 1972-.... |4 730 | |
| 900 | |a Album | ||
| 901 | |a Accessible au prêt | ||
| 995 | |a Bibliothèque |c Bibliothèque |f 024015926 |h 024015926 |k A BAR |o p |q j |r az |e Bibliothèque | ||
